000 00299nam a2200121 a 4500
001 4144
005 20140414131853.0
008 090317s19uu xx 00 eng d
050 _aM 591.59
_bAr8 1988
100 _aArvetis, Chris
245 _aWhy do birds sing? :
_ba just ask book.
999 _c110281
_d110281